| 000 | 00526nam a22001817a 4500 | ||
|---|---|---|---|
| 005 | 20231115143857.0 | ||
| 008 | 231115b |||||||| |||| 00| 0 eng d | ||
| 020 | _a0409013285 | ||
| 041 | _aEnglish | ||
| 082 | _a344.1 BAS | ||
| 100 | _lEnglish | ||
| 245 | _aBasic Conditions of Employment Act 75/1997 | ||
| 250 | _aFifth Edition | ||
| 260 |
_aDurban : _bButterworth Publishers (Pty) Ltd, _c2004 |
||
| 300 |
_bvi, 52 pages ; _c25 cm. |
||
| 650 |
_aLegal practice _bLaw |
||
| 942 |
_cBK _6ALISON_BN_VRIES |
||
| 999 |
_c695 _d695 |
||